A hazai német nemzetiség jelentősége a belföldi turizmusban A német nemzetiségi tájházak
| Szerző: | |
|---|---|
| További közreműködők: | |
| Dokumentumtípus: | Diplomadolgozat |
| Kulcsszavak: | belföld kulturális örökség kulturális turizmus német nemzetiség örökségturizmus tájház turizmus |
| Online Access: | http://dolgozattar.uni-bge.hu/60087 |
MARC
| LEADER | 00000nta a2200000 i 4500 | ||
|---|---|---|---|
| 001 | dolg60087 | ||
| 005 | 20260409145954.0 | ||
| 008 | 260409suuuu hu om 000 hun d | ||
| 040 | |a BGE Dolgozattár Repozitórium |b hun | ||
| 041 | |a hu | ||
| 100 | 1 | |a Pártl Mónika | |
| 245 | 1 | 2 | |a A hazai német nemzetiség jelentősége a belföldi turizmusban A német nemzetiségi tájházak |c Pártl Mónika |h [elektronikus dokumentum] |
| 520 | 3 | |a Dolgozatomban a magyarországi német nemzetiség kulturális örökségének turisztikai szempontú vizsgálatát tűztem ki célul, különös figyelemmel a tájházak szerepére és jelentőségére. A kutatás arra irányult, hogy feltárjam, miként járulnak hozzá a német nemzetiségi tájházak a belföldi turizmushoz, a kulturális identitás megőrzéséhez és a közösségi élet erősítéséhez. Munkám során szekunder kutatás mellett primer adatgyűjtési módszereket, kérdőíves felmérést és interjúkat is alkalmaztam. Az eredmények rámutatnak arra, hogy ezek az intézmények nem csupán kulturális emlékhelyek, hanem aktív turisztikai attrakciók, amelyek jelentős potenciállal bírnak a fenntartható és élményalapú turizmus fejlesztésében. A dolgozat a gyakorlati hasznosítás lehetőségeit és a generációk közötti átörökítés kihívásait is vizsgálja. | |
| 695 | |a belföld | ||
| 695 | |a kulturális örökség | ||
| 695 | |a kulturális turizmus | ||
| 695 | |a német nemzetiség | ||
| 695 | |a örökségturizmus | ||
| 695 | |a tájház | ||
| 695 | |a turizmus | ||
| 700 | 1 | |a Hegedüs Dr. Gyula |e ths | |
| 856 | 4 | 0 | |u http://dolgozattar.uni-bge.hu/60087/1/P%C3%A1rtl%20M%C3%B3nika%20-%20SZAKDOLGOZAT.pdf |z Dokumentum-elérés |
| 856 | 4 | 0 | |u http://dolgozattar.uni-bge.hu/60087/2/Szakdolgozat%20b%C3%ADr%C3%A1lat_P%C3%A1rtl%20M%C3%B3nika_HGy.pdf |z Dokumentum-elérés |
| 856 | 4 | 0 | |u http://dolgozattar.uni-bge.hu/60087/3/partl_monika_opponens_szeidl.pdf |z Dokumentum-elérés |